[Event "Titled Tue 20th May Late"]
[Site "chess.com INT"]
[Date "2025.05.20"]
[Round "10"]
[White "Drygalov, Andrey"]
[Black "Mishra, Abhimanyu"]
[Result "0-1"]
[WhiteTitle "GM"]
[BlackTitle "GM"]
[WhiteElo "2431"]
[BlackElo "2605"]
[WhiteFideId "24171735"]
[BlackFideId "30920019"]
[EventDate "2025.05.20"]

1. e4 c5 2. Nf3 d6 3. Bb5+ Bd7 4. Bxd7+ Qxd7 5. c4 Nf6 6. Nc3 g6 7. d4 cxd4 8.
Nxd4 Bg7 9. f3 Nc6 10. Be3 O-O 11. O-O a6 12. Nb3 b5 13. c5 Rfd8 14. cxd6 Qxd6
15. Qxd6 Rxd6 16. Rfd1 Rad8 17. Rxd6 Rxd6 18. Rd1 Rxd1+ 19. Nxd1 Nd7 20. Kf1 Nb4
21. Nc5 Nxc5 22. Bxc5 Nc6 23. b3 f5 24. Ke2 Kf7 25. Ne3 e6 26. a4 Bd4 27. axb5
axb5 28. Ba3 fxe4 29. fxe4 Bxe3 30. Kxe3 Na5 31. Bb4 Nxb3 32. Kd3 e5 33. Kc3 Nd4
34. Kd3 Nc6 35. Bc3 Ke6 36. g3 Nd8 37. Bd2 Nb7 38. Be3 Nd6 39. Bd2 Nf7 40. Be3
h6 41. Kc3 g5 42. Kb4 Nd6 43. Bg1 g4 44. Kc5 h5 45. Be3 Nxe4+ 46. Kxb5 Kd5 47.
Kb4 Nf6 48. Kc3 Ke4 49. Bg5 Nd5+ 50. Kc4 Ne3+ 51. Kc5 Nf1 52. Kd6 Nxh2 53. Ke6
Nf3 54. Bf6 h4 55. gxh4 g3 56. h5 g2 57. h6 g1=Q 58. h7 Qg4+ 59. Ke7 Nh4 60. Kd8
Ng6 61. Ke8 Qe6+ 0-1

[Event "Titled Tue 20th May Late"]
[Site "chess.com INT"]
[Date "2025.05.20"]
[Round "10"]
[White "Goncharov, Vladimir"]
[Black "Kracht, Raphael"]
[Result "1-0"]
[BlackTitle "CM"]
[WhiteElo "2077"]
[BlackElo "2194"]
[WhiteFideId "34162256"]
[BlackFideId "16214382"]
[EventDate "2025.05.20"]

1. d4 Nf6 2. c4 g6 3. Nc3 Bg7 4. e4 d6 5. h3 O-O 6. Be3 e5 7. d5 Ne8 8. g4 f5 9.
gxf5 gxf5 10. exf5 Bxf5 11. Nge2 Nd7 12. Ng3 Bg6 13. h4 h6 14. Bd3 Qf6 15. Qc2
e4 16. Bxe4 Ne5 17. O-O-O Bxe4 18. Ncxe4 Qf3 19. Rhg1 Kh8 20. Bd4 Nf6 21. Bxe5
dxe5 22. Nxf6 Bxf6 23. Rd3 Qf4+ 24. Kb1 e4 25. Re3 Rae8 26. Nh5 Qf5 27. Nxf6
Rxf6 28. Rg2 Re7 29. Qe2 Kh7 30. h5 b5 31. Qg4 Qxg4 32. Rxg4 bxc4 33. Rgxe4 Rxe4
34. Rxe4 Rf5 35. Rxc4 Rxh5 36. Rxc7+ Kg6 37. d6 Rd5 38. d7 h5 39. Rxa7 h4 40.
Ra4 h3 41. Rh4 Rxd7 42. Rxh3 Rd2 43. Rf3 Kg5 44. a4 Kg4 45. Rf8 Re2 46. Ka2 Re6
47. Ka3 Kh3 48. a5 Kg2 49. b4 Kf1 50. Ka4 Ke2 51. b5 Kd3 52. b6 Kc4 53. Rc8+ Kd5
54. b7 Re4+ 55. Kb5 Re2 56. Rd8+ Ke6 57. b8=Q Rb2+ 58. Kc4 Rc2+ 59. Kd3 Rc6 60.
Re8+ Kd5 61. Qb7 Kd6 62. Re6+ Kxe6 63. Qxc6+ Ke5 64. Ke3 Kf5 65. Qd5+ Kf6 66.
Kf4 Ke7 67. Kg5 Kf8 68. Qd7 Kg8 69. Kg6 1-0

[Event "Titled Tue 20th May Late"]
[Site "chess.com INT"]
[Date "2025.05.20"]
[Round "10"]
[White "Platzgummer, Fabian"]
[Black "Yanev, Tihomir"]
[Result "1-0"]
[WhiteTitle "IM"]
[BlackTitle "IM"]
[WhiteElo "2295"]
[BlackElo "2354"]
[WhiteFideId "1617222"]
[BlackFideId "2910110"]
[EventDate "2025.05.20"]

1. Nf3 d6 2. d4 Nf6 3. Nc3 g6 4. e4 Bg7 5. h3 O-O 6. a4 c6 7. a5 Nbd7 8. Be2 e5
9. Be3 Re8 10. dxe5 dxe5 11. O-O Qe7 12. Qd2 Nc5 13. Bd3 Bd7 14. Rab1 Rad8 15.
b4 Nxd3 16. cxd3 a6 17. Qc2 Nh5 18. Bb6 Rc8 19. Bc5 Qd8 20. Bb6 Qe7 21. Bc5 Qe6
22. Na4 Nf4 23. Nb6 Rcd8 24. Nc4 Nxg2 25. Kxg2 Qxh3+ 26. Kg1 Qxf3 27. Qd1 Qh3
28. Qe2 f5 29. f3 fxe4 30. dxe4 Be6 31. Nd6 Rf8 32. Nxb7 Qg3+ 33. Qg2 Qxg2+ 34.
Kxg2 Rd2+ 35. Rf2 Rxf2+ 36. Kxf2 Rb8 37. Nd6 Bf8 38. Rd1 Rd8 39. Ke3 Bb3 40. Rd3
Bxd6 41. Bxd6 Bc4 42. Rd2 Kf7 43. Bxe5 Rxd2 44. Kxd2 h5 45. Ke3 g5 46. Bc7 h4
47. Bd8 Kg6 48. f4 h3 49. f5+ Kh5 50. Bc7 g4 51. Bf4 Kh4 52. Kf2 Bd3 53. Bg3+
Kh5 54. Ke3 Bc2 55. Kf4 Bb1 56. e5 Ba2 57. e6 Bd5 58. Ke5 Kg5 59. f6 Kg6 60. f7
Kg7 61. Kd6 1-0

[Event "Titled Tue 20th May Late"]
[Site "chess.com INT"]
[Date "2025.05.20"]
[Round "10"]
[White "Sampaoli, Cristian"]
[Black "Varriale, Luca"]
[Result "0-1"]
[WhiteTitle "CM"]
[WhiteElo "2211"]
[BlackElo "2172"]
[WhiteFideId "115800"]
[BlackFideId "882461"]
[EventDate "2025.05.20"]

1. d4 Nf6 2. c4 c5 3. d5 e5 4. Nc3 d6 5. e4 Be7 6. Bd3 Nbd7 7. Nge2 Nf8 8. O-O
Ng6 9. f4 exf4 10. Nxf4 Ne5 11. Be2 Bd7 12. b3 a6 13. Nd3 Nfg4 14. Bf4 Bf6 15.
Qd2 Nxd3 16. Bxd3 Ne5 17. Rae1 Qa5 18. Bxe5 Bxe5 19. Nb1 Qd8 20. g3 Qe7 21. a3
h5 22. Be2 h4 23. g4 h3 24. Kh1 g5 25. Bd1 f6 26. b4 Rh4 27. Rg1 Rc8 28. b5 axb5
29. cxb5 Bxb5 30. Nc3 Bd7 31. Ne2 Bxg4 32. Ng3 Bxd1 33. Qxd1 Bxg3 34. Rxg3 Kf7
35. e5 dxe5 36. d6 Qd7 37. Qd5+ Kg7 38. Kg1 Rd8 39. Rd1 Rd4 40. Rxd4 cxd4 41.
Rb3 Kh8 42. Rxb7 Qg4+ 43. Kf1 Qf4+ 44. Ke1 Qe3+ 45. Kf1 d3 46. Rh7+ Kxh7 47.
Qf7+ Kh6 48. Qxf6+ Kh5 49. Qf7+ Kg4 50. Qe6+ Kf3 51. Qxh3+ Ke4 52. Qh7+ Kd4 53.
Qa7+ Ke4 54. Qh7+ Kd5 55. Qf7+ Kxd6 56. Qf6+ Kd7 57. Qe7+ Kxe7 58. Kg2 Qe4+ 59.
Kg3 Qf4+ 60. Kh3 e4 61. Kg2 Rh8 62. h3 Rh7 63. h4 Rxh4 64. a4 Rg4+ 65. Kh3 Qg3# 0-1

[Event "Titled Tue 20th May Late"]
[Site "chess.com INT"]
[Date "2025.05.20"]
[Round "10"]
[White "Sakhayi, Mostafa"]
[Black "Anhwere, Bernard"]
[Result "1/2-1/2"]
[WhiteTitle "CM"]
[BlackTitle "CM"]
[WhiteElo "2166"]
[BlackElo "1906"]
[WhiteFideId "12512532"]
[BlackFideId "12600580"]
[EventDate "2025.05.20"]

1. d4 Nf6 2. c4 g6 3. Nc3 Bg7 4. e4 d6 5. f3 O-O 6. Be3 c6 7. Bd3 Nbd7 8. Nge2
e5 9. d5 cxd5 10. cxd5 Nb6 11. Qd2 Bd7 12. O-O Rc8 13. b3 Nh5 14. Rac1 f5 15. a4
f4 16. Bf2 g5 17. a5 Na8 18. b4 a6 19. Na4 g4 20. Nb6 Nxb6 21. Bxb6 Qh4 22. Rxc8
Bxc8 23. fxg4 Bxg4 24. Bf2 Qg5 25. Kh1 Rf6 26. Ng1 Rh6 27. Nf3 Bxf3 28. gxf3
Ng3+ 29. Bxg3 Qxg3 30. Qg2 Qxg2+ 31. Kxg2 Rg6+ 32. Kf2 Rh6 33. Kg2 Rg6+ 34. Kh1
Bf6 35. Rc1 Rg7 36. b5 Bh4 37. bxa6 bxa6 38. Bxa6 Bf2 39. Bd3 h5 40. a6 h4 41.
Rb1 Kh7 42. Rb7 Kh6 43. Rxg7 Kxg7 44. Kg2 Bb6 45. Kh3 Bf2 46. Kg4 Kf6 47. h3 Kg6
48. Bb5 Kf6 49. Bd7 Kg6 50. Be6 Kf6 51. Bf5 Kg7 52. Bd7 Kf6 53. Bc6 Kg6 54. Be8+
Kf6 55. Bh5 Kg7 56. Kf5 Kf8 57. Ke6 Bc5 58. Kd7 Kg7 59. Kc6 Kf6 60. Bg4 Ke7 61.
Kb7 Kd8 62. a7 Bxa7 63. Kxa7 Kc7 64. Ka6 Kd8 65. Kb5 Ke7 66. Ka6 Kd8 67. Ka5 Kc7
68. Ka6 Kd8 1/2-1/2

[Event "Titled Tue 20th May Late"]
[Site "chess.com INT"]
[Date "2025.05.20"]
[Round "10"]
[White "Zilberstein, Dmitry"]
[Black "Smirnova, Ekaterina"]
[Result "1/2-1/2"]
[WhiteTitle "IM"]
[BlackTitle "WIM"]
[WhiteElo "2358"]
[BlackElo "2096"]
[WhiteFideId "2010739"]
[BlackFideId "4110943"]
[EventDate "2025.05.20"]

1. d4 d5 2. c4 c6 3. Nf3 Nf6 4. Nc3 dxc4 5. a4 Bf5 6. e3 e6 7. Bxc4 Bb4 8. O-O
Nbd7 9. Nh4 Bg4 10. f3 Bh5 11. g4 Bg6 12. Ng2 O-O 13. e4 e5 14. dxe5 Nxe5 15.
Be2 Qa5 16. Qb3 Rad8 17. g5 Nfd7 18. f4 Nc5 19. Qa2 Nxe4 20. Nxe4 Bxe4 21. fxe5
Qxe5 22. Bf4 Qa5 23. Bf3 Bd3 24. Rfd1 Qf5 25. Kh1 Qh3 26. Bg3 Qf5 27. Nh4 Qh3
28. Bg2 Qg4 29. Bf3 Qh3 30. Qb3 Bd6 31. Bxd6 Rxd6 32. Rxd3 Rxd3 33. Qxd3 Qxh4
34. Rg1 Qf4 35. b3 a5 36. Qe4 Qd6 37. Rd1 Qa3 38. Qc4 Qb2 39. Be4 Qf2 40. Rf1
Qh4 41. Qd3 g6 42. Qf3 Qxg5 43. Qf4 Qe7 44. Bg2 Re8 45. Qg3 Kg7 46. h3 Qe6 47.
Kh2 Qe5 48. Rf3 Qe7 49. Rd3 b5 50. axb5 cxb5 51. Qf4 a4 52. bxa4 bxa4 53. Qxa4
Qe5+ 54. Kh1 Rc8 55. Qd1 Qf4 56. Rf3 Rc1 57. Rxf4 Rxd1+ 58. Kh2 f5 59. h4 Kf6
60. Ra4 Rd6 61. Kg3 Rb6 62. Kf4 Rd6 63. Bf1 h6 64. Ra6 g5+ 65. Kf3 Rxa6 66. Bxa6
gxh4 67. Kf4 h3 68. Bf1 h2 69. Bg2 h5 70. Kg3 h4+ 71. Kxh2 f4 72. Bf3 h3 73.
Kxh3 Ke5 74. Kg4 Kd4 75. Kxf4 1/2-1/2

[Event "Titled Tue 20th May Late"]
[Site "chess.com INT"]
[Date "2025.05.20"]
[Round "10"]
[White "Mizzi, Jack"]
[Black "Schnaider, Ilan"]
[Result "1/2-1/2"]
[WhiteTitle "CM"]
[BlackTitle "IM"]
[WhiteElo "2086"]
[BlackElo "2388"]
[WhiteFideId "5602521"]
[BlackFideId "169013"]
[EventDate "2025.05.20"]

1. d4 d5 2. c4 dxc4 3. e3 e5 4. Bxc4 Nc6 5. d5 Na5 6. Be2 c6 7. dxc6 Qxd1+ 8.
Bxd1 Nxc6 9. Nc3 Be6 10. Nf3 f6 11. O-O O-O-O 12. Be2 Nge7 13. b3 Nd5 14. Nxd5
Bxd5 15. Bb2 Bb4 16. Rfd1 Be4 17. a3 Be7 18. b4 Rxd1+ 19. Rxd1 Rd8 20. Rxd8+
Nxd8 21. Nd2 Bf5 22. Bc4 Kc7 23. Kf1 b6 24. Ke2 Nb7 25. f3 h5 26. Bd3 Be6 27.
Ne4 a5 28. Bc3 h4 29. bxa5 Nxa5 30. Bb4 Bxb4 31. axb4 Nc6 32. b5 Nb4 33. g3 hxg3
34. Nxg3 Bf7 35. Kd2 Kd7 36. Kc3 Nd5+ 37. Kd2 Nb4 38. Kc3 Nd5+ 39. Kd2 Nc7 40.
Nf5 g6 41. Nh6 Be8 42. Ng8 Ke6 43. Bc4+ Kf5 44. h4 e4 45. f4 Kg4 46. Nxf6+ Kxh4
47. Nxe8 Nxe8 48. Bf7 Nd6 49. Bxg6 Kg4 50. f5 Kg5 51. Kc3 Nxb5+ 52. Kb4 Nd6 53.
Bh7 Nxf5 54. Kb5 Kf6 55. Kxb6 Ke5 56. Bxf5 Kxf5 57. Kc5 Ke5 58. Kc4 Ke6 59. Kd4
Kd6 60. Kxe4 Ke6 61. Kf4 Kf6 62. e4 Ke6 63. e5 Ke7 64. Kf5 Kf7 65. e6+ Ke7 66.
Ke5 Ke8 67. Kf6 Kf8 68. e7+ Ke8 69. Ke6 1/2-1/2

[Event "Titled Tue 20th May Late"]
[Site "chess.com INT"]
[Date "2025.05.20"]
[Round "10"]
[White "Albertini, Luca"]
[Black "Nalbandyan, Vahan"]
[Result "1/2-1/2"]
[BlackTitle "CM"]
[WhiteElo "2139"]
[BlackElo "2155"]
[WhiteFideId "847038"]
[BlackFideId "13309439"]
[EventDate "2025.05.20"]

1. e4 c6 2. d4 d5 3. e5 Bf5 4. Nf3 e6 5. Be2 Nd7 6. O-O h6 7. c3 Ne7 8. b4 g5 9.
Nbd2 Bg7 10. Nb3 O-O 11. a4 f6 12. exf6 Bxf6 13. Re1 Qc7 14. Bd3 Rae8 15. Bb2 g4
16. Bxf5 Nxf5 17. Ne5 Nxe5 18. dxe5 Bxe5 19. Qxg4+ Kh7 20. Nc5 Rg8 21. Nxe6
Bxh2+ 22. Kh1 Rxg4 23. Nxc7 Rxe1+ 24. Rxe1 Bxc7 25. Re8 Re4 26. Rxe4 dxe4 27.
Kg1 Nd6 28. Bc1 Nc4 29. Kf1 Kg6 30. Ke2 h5 31. f3 Kf5 32. fxe4+ Kxe4 33. Bh6 Be5
34. b5 cxb5 35. axb5 Bxc3 36. Bf8 a6 37. bxa6 bxa6 38. Kf2 a5 39. Kg3 a4 40. Kh4
a3 41. Bxa3 Nxa3 42. Kxh5 Nc4 43. Kg4 Nd6 44. Kg3 Kf5 45. Kf3 Be5 46. Ke3 Kg5
47. Kf3 Bf6 48. Ke3 Kg4 49. Kf2 Ne4+ 50. Ke3 Ng5 51. Kf2 Be5 52. Ke2 Kg3 53. Ke3
Kxg2 54. Kd3 Kf3 55. Kc4 Ke4 56. Kc5 Ne6+ 57. Kc6 Kd4 58. Kd7 Kd5 59. Ke7 Nc5
60. Kf7 Kd6 61. Kg6 Ke6 62. Kg5 Ne4+ 63. Kg4 Nf6+ 64. Kf3 Kd5 65. Ke3 Bd6 66.
Kd3 Ng4 67. Kc3 Ne5 68. Kd2 Bc5 69. Kc3 Ke4 70. Kb3 Kd4 71. Kc2 Bb4 72. Kb3 Nd3
73. Ka4 Kc5 74. Kb3 Kb5 75. Kc2 Kc4 76. Kd1 Nf4 77. Kc2 Bc3 78. Kd1 Kd3 79. Kc1
Ne2+ 80. Kd1 Nd4 81. Kc1 Ke2 82. Kb1 Bb4 83. Kb2 Kd2 84. Ka2 Kc2 85. Ka1 Bc3+
86. Ka2 Nb5 1/2-1/2

[Event "Titled Tue 20th May Late"]
[Site "chess.com INT"]
[Date "2025.05.20"]
[Round "10"]
[White "Drozdowski, Kacper"]
[Black "Caruana, Fabiano"]
[Result "1-0"]
[WhiteTitle "IM"]
[BlackTitle "GM"]
[WhiteElo "2450"]
[BlackElo "2776"]
[WhiteFideId "1136720"]
[BlackFideId "2020009"]
[EventDate "2025.05.20"]

1. e4 c5 2. Nf3 Nc6 3. Bb5 e6 4. Bxc6 bxc6 5. O-O Qc7 6. b3 e5 7. Bb2 d6 8. c3
Nf6 9. Re1 Be7 10. d4 O-O 11. h3 Re8 12. dxe5 dxe5 13. Na3 Nd7 14. Nc4 f6 15.
Nh4 g6 16. Qc2 Nf8 17. Rad1 Be6 18. Nf3 Bf7 19. Bc1 Ne6 20. Be3 Rad8 21. Rxd8
Rxd8 22. Rd1 Nf4 23. Bxf4 exf4 24. Rxd8+ Qxd8 25. Qd2 Qxd2 26. Nfxd2 g5 27. Kf1
h5 28. Ke2 Be6 29. Kd3 Kf7 30. Na5 Bd7 31. a3 Ke6 32. Nac4 Bd8 33. Nf3 Bc7 34.
b4 cxb4 35. Nd4+ Kf7 36. axb4 g4 37. hxg4 hxg4 38. Nb3 g3 39. fxg3 fxg3 40. Ne3
Bc8 41. Nd4 Bd7 42. c4 Kg6 43. Nef5 Kg5 44. Ke3 a5 45. bxa5 Bxa5 46. Nxg3 Bb6
47. Ne2 Kg4 48. Kd3 Bc7 49. Nf3 c5 50. Nc3 Bd8 51. e5 f5 52. Nd5 Kg3 53. Ke3 Be6
54. Ne1 Bg5+ 55. Ke2 Bf7 56. Nb6 Be7 57. Nd5 Bf8 58. Kf1 f4 59. Nd3 Bh6 60. Nxc5
Bg6 61. Nf6 Bf8 62. Nce4+ Kh2 63. Kf2 Ba3 64. Kf3 Bc1 65. e6 Ba3 66. c5 Bf5 67.
e7 Bg6 68. e8=Q 1-0

[Event "Titled Tue 20th May Late"]
[Site "chess.com INT"]
[Date "2025.05.20"]
[Round "10"]
[White "Rees, Ioan"]
[Black "Romero Ruscalleda, Josep"]
[Result "0-1"]
[WhiteTitle "FM"]
[BlackTitle "FM"]
[WhiteElo "2288"]
[BlackElo "2110"]
[WhiteFideId "1801236"]
[BlackFideId "2231859"]
[EventDate "2025.05.20"]

1. Nf3 g6 2. e4 Bg7 3. d4 d6 4. Bd3 Nd7 5. O-O c5 6. c3 Ngf6 7. Re1 O-O 8. Nbd2
e5 9. d5 a6 10. a4 b6 11. Nf1 Nh5 12. h3 Qc7 13. g3 c4 14. Bc2 Rb8 15. Kh2 Nc5
16. Ne3 b5 17. axb5 axb5 18. Ng2 Bd7 19. g4 Nf6 20. Ng1 Ra8 21. Rxa8 Rxa8 22.
Be3 Ra2 23. Qb1 Ra6 24. f3 Bc8 25. Ne2 Nfd7 26. Nc1 Qa5 27. Rf1 b4 28. Ne2 b3
29. Bd1 Qa1 30. Qxa1 Rxa1 31. Ng3 Nd3 32. Bxb3 Rxf1 33. Bxc4 Rd1 34. b4 Nb2 35.
Be2 Ra1 36. c4 Ba6 37. c5 Bxe2 38. Nxe2 Nd3 39. c6 Nf8 40. b5 Nb4 41. c7 Ra8 42.
b6 Na6 43. Nc3 Nd7 44. b7 Nxc7 45. bxa8=Q+ Nxa8 46. Nb5 Bf8 47. Bd2 Nc5 48. Bb4
Nb7 49. Ne1 Nb6 50. Nc2 Be7 51. Nca3 Kf8 52. Na7 Ke8 53. Nc6 Kd7 54. Nb5 Nc4 55.
Kg3 Nd8 56. Nxe7 Kxe7 57. f4 f6 58. g5 exf4+ 59. Kxf4 fxg5+ 60. Kxg5 Nf7+ 61.
Kf4 Kd7 62. Nd4 Nce5 63. Ne6 Nd3+ 64. Kg4 Nxb4 65. Nf8+ Ke7 66. Nxh7 Nd3 67. h4
Nde5+ 68. Kf4 Nh6 69. Kg5 Nhf7+ 70. Kf4 Ke8 71. Ng5 Nxg5 72. Kxg5 Kf7 73. h5
gxh5 74. Kxh5 Kf6 75. Kh4 Nc4 76. Kg4 Ke5 77. Kf3 Nd2+ 78. Ke3 Nxe4 79. Kd3 Nf6
80. Ke3 Nxd5+ 81. Kd3 Nf6 82. Ke3 d5 83. Kd3 d4 84. Kc4 Ke4 85. Kc5 Ke3 86. Kd6
d3 87. Ke6 d2 88. Kxf6 d1=Q 89. Ke5 Qd4+ 90. Kf5 Qe4+ 0-1

[Event "Titled Tue 20th May Late"]
[Site "chess.com INT"]
[Date "2025.05.20"]
[Round "10"]
[White "Serban, Cristian-Stefan"]
[Black "Badacsonyi, Stanley"]
[Result "1/2-1/2"]
[WhiteTitle "FM"]
[BlackTitle "FM"]
[WhiteElo "2332"]
[BlackElo "2289"]
[WhiteFideId "1241443"]
[BlackFideId "486973"]
[EventDate "2025.05.20"]

1. d4 Nf6 2. c4 c5 3. d5 b5 4. cxb5 a6 5. e3 axb5 6. Bxb5 Qa5+ 7. Nc3 Bb7 8. Bd2
Qb6 9. Nf3 Nxd5 10. a4 e6 11. O-O Be7 12. e4 Nf6 13. Ne5 O-O 14. Nc4 Qc7 15. e5
Nd5 16. Ne4 Nc6 17. Qg4 Nxe5 18. Qg3 Nxc4 19. Bxc4 Qxg3 20. hxg3 Nb6 21. Bd3
Nxa4 22. Bc2 Nxb2 23. Rab1 Bxe4 24. Bxe4 d5 25. Bxd5 exd5 26. Rxb2 Bf6 27. Rb5
Rfc8 28. Rc1 Be7 29. Rb7 Bf8 30. Rd7 Rd8 31. Rb7 Rac8 32. Kf1 c4 33. Ba5 Rd6 34.
Bb4 Re6 35. Bxf8 Kxf8 36. Rd7 Re5 37. f4 Rh5 38. Kf2 Ke8 39. Ra7 Rh6 40. f5 Rd6
41. Re1+ Kf8 42. Ree7 Rf6 43. g4 c3 44. Rec7 Rxc7 45. Rxc7 d4 46. Ke2 g6 47. Kd3
gxf5 48. gxf5 Rxf5 49. Kxd4 Rg5 50. Rxc3 Rxg2 51. Ke4 Rf2 52. Rg3 Rf6 53. Ke3
Rg6 54. Rh3 Kg7 55. Kf3 Ra6 56. Rh5 Kg6 57. Rb5 f5 58. Rb8 Kg5 59. Rg8+ Rg6 60.
Rh8 h5 61. Ra8 Kh4 62. Kf4 Rg1 63. Kxf5 Kh3 64. Kf4 h4 65. Kf3 Rf1+ 66. Ke2 Rf7
67. Rg8 Kh2 68. Rg6 h3 69. Rg8 Kh1 70. Rg6 Ra7 71. Kf1 Ra2 72. Rg8 Ra1+ 73. Kf2
Ra2+ 74. Kf1 Ra3 75. Rg7 Rf3+ 76. Ke2 Rf6 77. Rg8 Kh2 78. Rg5 Rb6 79. Rg7 Rb3
80. Kf2 Rb2+ 81. Kf1 Rg2 82. Rf7 Kh1 83. Rf8 h2 84. Rf7 Rg5 85. Rf8 Ra5 86. Rg8
Ra1+ 87. Kf2 Rg1 88. Ra8 Rg7 89. Rf8 Rg5 90. Rf7 Rg2+ 91. Kf1 Rg4 92. Rf8 Rb4
93. Rf7 Rb2 94. Rf8 Ra2 95. Rf7 Rb2 96. Rf8 Rb1+ 97. Kf2 Rc1 98. Rf7 Rg1 99. Rf8
Rf1+ 100. Kxf1 1/2-1/2

[Event "Titled Tue 20th May Late"]
[Site "chess.com INT"]
[Date "2025.05.20"]
[Round "10"]
[White "Bernabeu Lopez, Carlos Javier"]
[Black "Nguyen, Ngoc Truong Son"]
[Result "0-1"]
[WhiteTitle "FM"]
[BlackTitle "GM"]
[WhiteElo "2402"]
[BlackElo "2632"]
[WhiteFideId "2235366"]
[BlackFideId "12401110"]
[EventDate "2025.05.20"]

1. e4 e5 2. Nf3 Nc6 3. Bb5 a6 4. Ba4 Nge7 5. O-O Ng6 6. d4 exd4 7. Nxd4 Nxd4 8.
Qxd4 Qf6 9. Qxf6 gxf6 10. Bb3 d6 11. Nd2 f5 12. exf5 Bxf5 13. Re1+ Be7 14. Nf3
O-O 15. Bg5 Bxg5 16. Nxg5 h6 17. Nf3 Rfe8 18. Kf1 Be4 19. Nd2 Bc6 20. f3 Ne5 21.
Kf2 Kg7 22. Nc4 Nd7 23. Ne3 Re5 24. Ng4 Rc5 25. Re7 Rf8 26. c3 h5 27. Ne3 Kf6
28. Rxd7 Bxd7 29. Bc2 Be6 30. f4 a5 31. a3 Ra8 32. Rd1 a4 33. Bd3 Bb3 34. Rd2
Re8 35. g3 Ra5 36. c4 c6 37. h3 d5 38. cxd5 cxd5 39. g4 hxg4 40. hxg4 Rc5 41.
g5+ Ke7 42. Nf5+ Kd7 43. Be2 Rh8 44. Nh6 f6 45. Nf7 Rg8 46. gxf6 Ke6 47. Ne5 Rc7
48. f7 Rf8 49. Rd4 Rfxf7 50. Nxf7 Rxf7 51. Rb4 Kd6 52. Rb6+ Kc5 53. Rb5+ Kd4 54.
Rb4+ Bc4 55. Bxc4 dxc4 56. Rxa4 Rxf4+ 57. Ke2 b5 58. Ra8 Kc5 59. Rc8+ Kb6 60.
Rb8+ Kc6 61. Rc8+ Kb7 62. Rc5 Kb6 63. Rc8 Rd4 64. Re8 Ka5 65. Ra8+ Kb6 66. Rb8+
Kc6 67. Rc8+ Kb7 68. Rh8 Rd3 69. Rh1 Kb6 70. Rc1 Ka5 71. Rc3 Rxc3 72. bxc3 Ka4
73. Kd1 Kxa3 74. Kc2 Ka2 75. Kc1 Kb3 76. Kd2 Kb2 77. Kd1 Kxc3 78. Kc1 b4 79. Kb1
b3 80. Ka1 Kb4 81. Kb1 c3 82. Ka1 Kc4 83. Kb1 Kd3 84. Ka1 Kd2 85. Kb1 c2+ 86.
Ka1 c1=Q# 0-1

[Event "Titled Tue 20th May Late"]
[Site "chess.com INT"]
[Date "2025.05.20"]
[Round "10"]
[White "Materia, Marco"]
[Black "Praggnanandhaa, R"]
[Result "1/2-1/2"]
[WhiteTitle "IM"]
[BlackTitle "GM"]
[WhiteElo "2489"]
[BlackElo "2758"]
[WhiteFideId "45150451"]
[BlackFideId "25059530"]
[EventDate "2025.05.20"]

1. Nf3 b6 2. c4 Bb7 3. b3 Nf6 4. Bb2 c5 5. Nc3 g6 6. g3 Bxf3 7. exf3 Bg7 8. Bg2
O-O 9. f4 Nc6 10. O-O Rc8 11. Ne2 d5 12. cxd5 Nxd5 13. Bxg7 Kxg7 14. d4 Nxd4 15.
Nxd4 Nc3 16. Nc6 Qxd1 17. Raxd1 Nxd1 18. Rxd1 Rc7 19. a4 a6 20. Bf3 Rfc8 21. Ne5
b5 22. axb5 axb5 23. Rc1 c4 24. bxc4 f6 25. Nd3 bxc4 26. Nb4 c3 27. Nd5 Ra7 28.
Bg4 Rc5 29. Ne3 Ra2 30. Be6 Rb2 31. Kg2 f5 32. Nc4 Re2 33. Ne5 c2 34. Bb3 Rd2
35. Kf1 Rc3 36. Ke1 Rd8 37. Bxc2 Rd6 38. Ke2 Kf6 39. h4 h6 40. Nf3 Re6+ 41. Ne5
Rd6 42. Nxg6 Rdc6 43. Kd2 Rf3 44. Ne5 Rxf2+ 45. Kd3 Rc7 46. Nc4 Rg2 47. Ne3 Rxg3
48. Ke2 e6 49. Rd1 Rxe3+ 50. Kxe3 Rxc2 51. Rh1 Rg2 52. h5 Ra2 53. Kf3 Ke7 54.
Rh4 Kd6 55. Rh1 Ra3+ 56. Kf2 Kd5 57. Rd1+ Kc6 58. Re1 Kd6 59. Rh1 Rd3 60. Rh2
Kd5 61. Rh1 Rb3 62. Re1 Kc6 63. Rxe6+ Kd5 64. Rxh6 Ke4 65. Ra6 Kxf4 66. h6 Rh3
67. Ra4+ Kg5 68. Ra6 f4 69. Ra8 Rxh6 70. Rg8+ Kf5 71. Rf8+ Ke4 72. Re8+ Kf5 73.
Rf8+ Kg4 74. Rg8+ Kf5 75. Rf8+ 1/2-1/2

[Event "Titled Tue 20th May Late"]
[Site "chess.com INT"]
[Date "2025.05.20"]
[Round "10"]
[White "Noy, Eyal"]
[Black "Ismagilov, Damir"]
[Result "0-1"]
[WhiteTitle "FM"]
[BlackTitle "CM"]
[WhiteElo "2346"]
[BlackElo "2173"]
[WhiteFideId "2821117"]
[BlackFideId "34199982"]
[EventDate "2025.05.20"]

1. g4 d5 2. g5 h6 3. d4 hxg5 4. Bxg5 c5 5. c3 Nc6 6. e3 Nf6 7. Bg2 Ne4 8. Bf4 g5
9. Be5 Nxe5 10. dxe5 c4 11. Bxe4 dxe4 12. Qa4+ Bd7 13. Qxc4 Bg7 14. Nd2 Bc6 15.
Nxe4 Qd5 16. Qxd5 Bxd5 17. f3 g4 18. O-O-O Bc6 19. Nd2 Bxe5 20. e4 g3 21. Ne2
gxh2 22. Rdf1 O-O-O 23. Rf2 f5 24. f4 Bc7 25. Rfxh2 Rxh2 26. Rxh2 fxe4 27. Nc4
Rf8 28. Ne5 Bxe5 29. fxe5 Rf5 30. e6 Kc7 31. Nd4 Rf1+ 32. Kd2 Kd6 33. a3 a5 34.
Ke3 Re1+ 35. Re2 Rxe2+ 36. Kxe2 Bd5 37. Ke3 a4 38. Kf4 Kc5 39. Nf5 Bxe6 40. Ne3
Bd5 41. Ke5 Bc6 42. Ke6 b5 43. Kxe7 Bd5 44. Kf6 Bc4 45. Ke5 Bd3 46. Kf4 Bb1 47.
Kf5 Bd3 48. Kg4 Kd6 49. Kg3 Ke5 50. Kf2 Kf4 51. Ng2+ Kg4 52. Ke3 Kg3 53. Nf4 Bb1
54. Nd5 Kg4 55. Nc7 Bd3 56. Ne6 Kf5 57. Nf4 Bc4 58. Nh3 Ke5 59. Nf2 Bd5 60. Ng4+
Kf5 61. Nh2 Ke5 62. Nf1 Bc6 63. Ng3 Bd5 64. Ne2 Bc4 65. Nd4 Bd3 66. Nc6+ Kd5 67.
Ne7+ Kc4 68. Kd2 Kb3 69. Kc1 e3 70. Nd5 e2 71. Kd2 Kxb2 72. Nf4 Bc4 73. Ng2 Kxa3
74. Kc2 Bb3+ 75. Kd3 Bc4+ 76. Kc2 Ka2 77. Ne1 a3 78. Nf3 Bd3+ 79. Kxd3 Kb2 80.
Kxe2 a2 81. Ne1 a1=Q 82. Nd3+ Kxc3 0-1

[Event "Titled Tue 20th May Late"]
[Site "chess.com INT"]
[Date "2025.05.20"]
[Round "10"]
[White "Baskakov, Egor"]
[Black "Martinez Alcantara, Jose Eduardo"]
[Result "1-0"]
[WhiteTitle "CM"]
[BlackTitle "GM"]
[WhiteElo "2215"]
[BlackElo "2611"]
[WhiteFideId "24197866"]
[BlackFideId "3805662"]
[EventDate "2025.05.20"]

1. e4 c5 2. Nf3 d6 3. d4 cxd4 4. Nxd4 a6 5. Nc3 e6 6. g3 Nc6 7. Bg2 Bd7 8. O-O
Nf6 9. Nce2 Rc8 10. b3 b5 11. Bb2 Be7 12. Re1 O-O 13. Nxc6 Bxc6 14. Nd4 Bd7 15.
Qd2 Qc7 16. Rac1 Qb8 17. Ba3 Rfe8 18. c4 bxc4 19. Rxc4 Rxc4 20. bxc4 Bf8 21. Nb3
Rc8 22. Rd1 Rxc4 23. Bxd6 Bxd6 24. Qxd6 Qxd6 25. Rxd6 e5 26. Rxa6 h5 27. Ra5 Rc2
28. h3 Be6 29. Rxe5 Rxa2 30. Nd4 Bd7 31. Rc5 Ra4 32. e5 Rxd4 33. exf6 gxf6 34.
Rxh5 Rd1+ 35. Kh2 Be6 36. Rh4 Kg7 37. Rf4 Ra1 38. h4 Ra5 39. g4 Ra2 40. Kg3 Ra3+
41. Rf3 Ra4 42. Bh3 Bd5 43. Rd3 Be6 44. f4 Bc4 45. Rc3 Bd5 46. g5 Ra1 47. h5 Be4
48. Re3 Bc2 49. Rc3 Be4 50. Re3 Bc2 51. Re7 fxg5 52. fxg5 Ra5 53. Kf4 Ra4+ 54.
Ke3 Rh4 55. Be6 Rxh5 56. Rxf7+ Kg6 57. Rc7 Bb1 58. Bf7+ Kxg5 59. Bxh5 Kxh5 60.
Kf4 Kg6 61. Rc5 Kg7 62. Ra5 Bh7 63. Ke5 Bg8 64. Ra6 Bh7 65. Rb6 Bg8 66. Kf5 Bh7+
67. Kg5 Bg8 68. Rb7+ Kh8 69. Ra7 Bh7 70. Kf6 Bg8 71. Ra8 Kh7 72. Ra3 Kh8 73.
Rh3+ Bh7 74. Rh4 Kg8 75. Rg4+ Kh8 76. Kf7 Bc2 77. Rg3 Be4 78. Kf6 Bc2 79. Rc3
Bh7 80. Rc7 Bg8 81. Kg6 Bd5 82. Rc5 Bg8 83. Rh5+ 1-0